| 000 | 01000nam a2200205Ia 4500 | ||
|---|---|---|---|
| 008 | 0000002007 usa 0000000000eng00 | ||
| 020 | _a9780974942162 | ||
| 090 | _aPUS00 C31i | ||
| 100 | 1 | _aChambers, Marie | |
| 245 | 1 | 0 |
_aInfinite distance architectural compositions by Helen Lundeberg _c/ essay by Marie Chambers ; photography by Ed Glendinning |
| 300 |
_a145 p. _c/ 29 cm. |
||
| 500 | _aExposición realizada en la galería Louis Stern Fine Arts, West Hollywood, California de junio 2 a agosto 25 de 2007 a Incluye cronoogía y biografía de la artista \ Proyecto Ganador Programa Apoyos Concertados FGAA 2010 | ||
| 600 | 0 | 0 |
_a LUNDEBERG, HELEN, 19081999/ _xTRABAJOS PICTORICOS \ LUNDEBERG, HELEN, 19081999 CRITICA E INTERPRETACION |
| 650 | 1 | 4 | _a ARTISTAS PLASTICOS ESTADOUNIDENSES |
| 650 | 1 | 4 | _xCATALOGOS |
| 650 | 1 | 4 | _xEXPOSICIONES |
| 650 | 1 | 4 | _aPINTORES ESTADOUNIDENSES |
| 650 | 1 | 4 | _aPINTURA ESTADOUNIDENSE |
| 999 |
_c11967 _d11967 |
||
| 260 |
_aWest Hollywood : Louis Stern Fine Arts _c2007 |
||